000 00460nam a2200157Ia 4500
008 210210b1990 xxu||||| |||| 00| 0 eng d
020 _a0073 6090
082 _a070.1 MOHD
100 _aMOHAN (Jag).
245 _aDocumentary films and national awakening.
260 _aNew Delhi.
_bPublication Division Ministry of Information & Broadcasting
_c1990
300 _axii,144
650 _aDocumentary Films Cinema
690 _aJournalism
906 _a057935
999 _c105481
_d105481